000 00991nam a22003377a 4500
003 CHAP
005 20220329140440.0
008 971013s1959 r 00010 d
010 _a52123
011 _a53095
035 _a57245
040 _cCHAP
082 _a551.49
_bW58 1959
100 0 0 _aWisler, C. O.
_9122337
245 _aHydrology
250 _a2 ed.
260 _aNew York :
_bWiley,
_c1959
300 _a408 p.
_b: ilus.
490 _aWiley international edition
590 _aBATCH-UPD
_b10
_c20130110
_lUCH01
_h0117
590 _aBATCH-UPD
_b10
_c20130110
_lUCH01
_h0913
590 _aBATCH-UPD
_b10
_c20130410
_lUCH01
_h0537
590 _aBATCH-UPD
_b10
_c20130914
_lUCH01
_h0747
590 _aCONVERSION
_b10
_c20130109
_lUCH01
_h1328
650 1 4 _aHidrologĂ­a.
_955257
700 0 _aBrater, E.F.
_915083
830 0 _aWiley international edition
_9121936
901 _aBK
942 _cLIBRO
949 _a551.49 W58 1959
_bBC
_cLIBRO
_d33724000456620
_eLIBRO
_h17986
_i57245
_si
999 _c52123
_d52123